| 000 | 01333nam2a22002411 4500 | ||
|---|---|---|---|
| 001 | RU\NLR\INFOCOMM55\5000182533 | ||
| 005 | 20250617110928.0 | ||
| 035 | _a(NLR Aleph) 002565115 | ||
| 090 |
_a3139609 _c3139609 |
||
| 100 | _a20050203d1969 |||y0rusy50 ca | ||
| 101 | 0 | _arus | |
| 102 | _aRU | ||
| 105 | _ay ||||000|y | ||
| 200 | 1 |
_aЭлектрооборудование судов _e(Автоматизация и надежность электроэнергетических судовых установок) _fСекция электрооборудования судов |
|
| 210 |
_d1969 _aБ. м. |
||
| 461 | 0 |
_1001RU\NLR\INFOCOMM55\5000182101 _12001#$aМатериалы по обмену опытом$fНТО судостроителей им. А.Н. Крылова. Центр. правл.$vВып.133 _93998366 _aНТО судостроителей им. А. Н. Крылова (Санкт-Петербург). Центральное правление _cСПб. _d1940- _fНТО судостроителей им. А.Н. Крылова. Центр. правл. _nСудостроение _tМатериалы по обмену опытом _x0135-0129 _vВып.133 |
|
| 801 | 1 |
_aRU _bInfoComm _c20050203 |
|
| 801 | 0 |
_aRU _bNLR _gPSBO |
|
| 852 |
_aNLR _jП10/760 |
||
| 942 | _cISSUE | ||
| 980 | _aNB | ||
| 980 | _aRUSPER | ||